000 00938nam a22003370a 4500
001 PT30515
003 AR-LpoUNG
005 20210202002407.0
008 191001s1952||||ag |||||||||||||||||spa d
040 _aAR-LpoUNG
_bspa
_cAR-LpoUNG
_eaacr
041 _aspa
044 _aag
082 0 _a982.062 691sal
245 1 3 _aLa salud pública en el 2do. Plan Quinquenal
250 _a1ra. ed.
260 _aBuenos Aires :
_bSubsecretaría de informaciones,
_c1952.
300 _a14 p. :
_bgráfs., tbls.
650 4 _aARGENTINA
650 4 _aBIENESTAR SOCIAL
650 4 _aECONOMIA
650 4 _aEJECUCION DEL PLAN
650 4 _aPLANES NACIONALES
650 4 _aPOLITICA ECONOMICA
650 4 _aPROGRAMAS GUBERNAMENTALES
650 4 _aSALUD PUBLICA
651 4 _aArgentina
653 _aPERONISMO
710 2 _aArgentina. Presidencia de la Nación. Subsecretaría de Informaciones
905 _a30515
942 _cLIB
999 _c56105
_d56105